Clausewitz and the state / (Record no. 184778)
[ view plain ]
| 000 -LEADER | |
|---|---|
| fixed length control field | 01110 a2200241 4500 |
| 003 - CONTROL NUMBER IDENTIFIER | |
| control field | NUST |
| 005 - DATE AND TIME OF LATEST TRANSACTION | |
| control field | 20221222183558.0 |
| 010 ## - LIBRARY OF CONGRESS CONTROL NUMBER | |
| LC control number | 75016901 |
| 020 ## - INTERNATIONAL STANDARD BOOK NUMBER | |
| International Standard Book Number | 0195019881 : |
| 040 ## - CATALOGING SOURCE | |
| Transcribing agency | Nust |
| 082 00 - DEWEY DECIMAL CLASSIFICATION NUMBER | |
| Classification number | 355,PAR |
| -- | B |
| 100 1# - MAIN ENTRY--PERSONAL NAME | |
| Personal name | Paret, Peter. |
| 9 (RLIN) | 49124 |
| 245 10 - TITLE STATEMENT | |
| Title | Clausewitz and the state / |
| Statement of responsibility, etc. | Peter Paret. |
| 260 ## - PUBLICATION, DISTRIBUTION, ETC. | |
| Place of publication, distribution, etc. | New York : |
| Name of publisher, distributor, etc. | Oxford University Press, |
| Date of publication, distribution, etc. | 1976. |
| 300 ## - PHYSICAL DESCRIPTION | |
| Extent | viii, 467 p. : |
| Other physical details | ill. ; |
| Dimensions | 24 cm. |
| 505 ## - FORMATTED CONTENTS NOTE | |
| Formatted contents note | Clausewitz’s Prussia (Page-13), The French Revolution (Page-20), Garrison Life and the Perfectibility of Man (Page-36), Early Writing (Page-78), The Collapse of the Frederician State (Page-98), Captivity and the Ideal of German Liberty (Page-123), The Year of Reform (Page-137), Napoleon’s Destruction (Page-222), The Restoration (Page-255), The Major Historical and Theoretical Works (Page-326), The Last Year (Page-396). |
| 600 10 - SUBJECT ADDED ENTRY--PERSONAL NAME | |
| Personal name | Clausewitz, Carl von, |
| Dates associated with a name | 1780-1831. |
| 9 (RLIN) | 105714 |
| 650 #0 - SUBJECT ADDED ENTRY--TOPICAL TERM | |
| Topical term or geographic name entry element | Intellectuals |
| Geographic subdivision | Germany |
| General subdivision | Biography. |
| 9 (RLIN) | 49125 |
| 650 #0 - SUBJECT ADDED ENTRY--TOPICAL TERM | |
| Topical term or geographic name entry element | Nobility |
| Geographic subdivision | Germany |
| General subdivision | Biography. |
| 9 (RLIN) | 49126 |
| 650 #0 - SUBJECT ADDED ENTRY--TOPICAL TERM | |
| Topical term or geographic name entry element | State, The. |
| 9 (RLIN) | 11446 |
| 650 #0 - SUBJECT ADDED ENTRY--TOPICAL TERM | |
| Topical term or geographic name entry element | War. |
| 942 ## - ADDED ENTRY ELEMENTS (KOHA) | |
| Source of classification or shelving scheme | |
| Koha item type | Book |
| Call number prefix | 355,PAR |
| Withdrawn status | Lost status | Source of classification or shelving scheme | Damaged status | Not for loan | Permanent Location | Current Location | Shelving location | Date acquired | Full call number | Barcode | Date last seen | Price effective from | Koha item type | Public note |
|---|---|---|---|---|---|---|---|---|---|---|---|---|---|---|
| Military College of Signals (MCS) | Military College of Signals (MCS) | General Stacks | 12/12/2016 | 355,PAR | MCS21791 | 12/08/2016 | 12/12/2016 | Book | Almirah No.51, Shelf No.2 |
